Comprehensive Assessment mathematics strategies II (Record no. 7351)
[ view plain ]
| 000 -LEADER | |
|---|---|
| fixed length control field | 01391nam a22005537a 4500 |
| 003 - CONTROL NUMBER IDENTIFIER | |
| control field | OSt |
| 005 - DATE AND TIME OF LATEST TRANSACTION | |
| control field | 20140310181930.0 |
| 008 - FIXED-LENGTH DATA ELEMENTS--GENERAL INFORMATION | |
| fixed length control field | 130722t xxu||||| |||| 00| 0 eng d |
| 020 ## - INTERNATIONAL STANDARD BOOK NUMBER | |
| International Standard Book Number | 0760935998 |
| 020 ## - INTERNATIONAL STANDARD BOOK NUMBER | |
| International Standard Book Number | 9780760935996 |
| 020 ## - INTERNATIONAL STANDARD BOOK NUMBER | |
| International Standard Book Number | 0760936005 |
| 020 ## - INTERNATIONAL STANDARD BOOK NUMBER | |
| International Standard Book Number | 9780760936009 |
| 020 ## - INTERNATIONAL STANDARD BOOK NUMBER | |
| International Standard Book Number | 0760936013 |
| 020 ## - INTERNATIONAL STANDARD BOOK NUMBER | |
| International Standard Book Number | 9780760936016 |
| 020 ## - INTERNATIONAL STANDARD BOOK NUMBER | |
| International Standard Book Number | 9780760936023 |
| 020 ## - INTERNATIONAL STANDARD BOOK NUMBER | |
| International Standard Book Number | 0760936021 |
| 020 ## - INTERNATIONAL STANDARD BOOK NUMBER | |
| International Standard Book Number | 9780760936030 |
| 020 ## - INTERNATIONAL STANDARD BOOK NUMBER | |
| International Standard Book Number | 076093603X |
| 020 ## - INTERNATIONAL STANDARD BOOK NUMBER | |
| International Standard Book Number | 0760936048 |
| 020 ## - INTERNATIONAL STANDARD BOOK NUMBER | |
| International Standard Book Number | 9780760936047 |
| 020 ## - INTERNATIONAL STANDARD BOOK NUMBER | |
| International Standard Book Number | 0760936056 |
| 020 ## - INTERNATIONAL STANDARD BOOK NUMBER | |
| International Standard Book Number | 9780760936054 |
| 020 ## - INTERNATIONAL STANDARD BOOK NUMBER | |
| International Standard Book Number | 0760936064 |
| 050 ## - LIBRARY OF CONGRESS CALL NUMBER | |
| Classification number | AC 900 |
| Item number | .C737 2006 |
| 082 ## - DEWEY DECIMAL CLASSIFICATION NUMBER | |
| Classification number | TR 510 |
| Item number | C73 2006 |
| 245 ## - TITLE STATEMENT | |
| Title | Comprehensive Assessment mathematics strategies II |
| 260 ## - PUBLICATION, DISTRIBUTION, ETC. (IMPRINT) | |
| Place of publication, distribution, etc | MA : |
| Name of publisher, distributor, etc | Curriculum Associates Inc, |
| Date of publication, distribution, etc | c2006. |
| 300 ## - PHYSICAL DESCRIPTION | |
| Other physical details | coll. , ill. ; |
| Dimensions | 31 cm. |
| 521 ## - TARGET AUDIENCE NOTE | |
| Target audience note | |
| 541 ## - IMMEDIATE SOURCE OF ACQUISITION NOTE | |
| -- | 1 |
| 562 ## - COPY AND VERSION IDENTIFICATION NOTE | |
| Number of copies | 1 |
| 650 ## - SUBJECT ADDED ENTRY--TOPICAL TERM | |
| Source of heading or term | Mathematics |
| 830 ## - SERIES ADDED ENTRY--UNIFORM TITLE | |
| Uniform title | CAMS A |
| 9 (RLIN) | 2705 |
| 830 ## - SERIES ADDED ENTRY--UNIFORM TITLE | |
| Uniform title | CAMS A |
| 9 (RLIN) | 2706 |
| 830 ## - SERIES ADDED ENTRY--UNIFORM TITLE | |
| Uniform title | CAMS B |
| 9 (RLIN) | 2707 |
| 830 ## - SERIES ADDED ENTRY--UNIFORM TITLE | |
| Uniform title | CAMS B |
| 9 (RLIN) | 2708 |
| 830 ## - SERIES ADDED ENTRY--UNIFORM TITLE | |
| Uniform title | CAMS C |
| 9 (RLIN) | 2709 |
| 830 ## - SERIES ADDED ENTRY--UNIFORM TITLE | |
| Uniform title | CAMS C |
| 9 (RLIN) | 2710 |
| 830 ## - SERIES ADDED ENTRY--UNIFORM TITLE | |
| Uniform title | CAMS D |
| 9 (RLIN) | 2711 |
| 830 ## - SERIES ADDED ENTRY--UNIFORM TITLE | |
| Uniform title | CAMS D |
| 9 (RLIN) | 2712 |
| 830 ## - SERIES ADDED ENTRY--UNIFORM TITLE | |
| Uniform title | CAMS E |
| 9 (RLIN) | 2713 |
| 830 ## - SERIES ADDED ENTRY--UNIFORM TITLE | |
| Uniform title | CAMS E |
| 9 (RLIN) | 2714 |
| 830 ## - SERIES ADDED ENTRY--UNIFORM TITLE | |
| Uniform title | CAMS F |
| 9 (RLIN) | 2715 |
| 830 ## - SERIES ADDED ENTRY--UNIFORM TITLE | |
| Uniform title | CAMS F |
| 9 (RLIN) | 2716 |
| 830 ## - SERIES ADDED ENTRY--UNIFORM TITLE | |
| Uniform title | CAMS G |
| 9 (RLIN) | 2717 |
| 830 ## - SERIES ADDED ENTRY--UNIFORM TITLE | |
| Uniform title | CAMS G |
| 9 (RLIN) | 2718 |
| 830 ## - SERIES ADDED ENTRY--UNIFORM TITLE | |
| Uniform title | CAMS H |
| 9 (RLIN) | 2719 |
| 942 ## - ADDED ENTRY ELEMENTS (KOHA) | |
| Source of classification or shelving scheme | Library of Congress Classification |
| Koha item type | |
| Call number prefix | |
| Withdrawn status | Lost status | Source of classification or shelving scheme | Damaged status | Home library | Current library | Shelving location | Date acquired | Total Checkouts | Full call number | Barcode | Date last seen | Copy number | Price effective from | Koha item type |
|---|---|---|---|---|---|---|---|---|---|---|---|---|---|---|
| Library of Congress Classification | Luxembourg Library | Luxembourg Library | Teachers Reference Section | 07/22/2013 | AC 900 .C737 2006 | 18734 | 08/13/2013 | 1 | 07/22/2013 | Books | ||||
| Library of Congress Classification | Luxembourg Library | Luxembourg Library | Teachers Reference Section | 07/22/2013 | AC 900 .C737 2006 | 18735 | 08/13/2013 | 1 | 07/22/2013 | Books |